Statistics for Neighborhoods of Barcelona Map

Click here to take the quiz!

General Stats

  • This quiz has been taken 41 times
  • The average score is 30 of 75

Answers on the Map

Answers color-coded by a green-red scale on the quiz's map according to % correct below.
 

Answer Stats

Answer% Correct
la Barceloneta
83%
Sants
79%
Parc de Montjuïc
75%
Sarrià
75%
les Corts
71%
Vila de Gràcia
71%
el Poble-sec
67%
el Raval
67%
Zona Franca-Port
67%
el Gòtic
63%
el Poblenou
63%
Sant Andreu de Palomar
63%
Sant Antoni
63%
la Dreta de l'Eixample
58%
Sant Gervasi-Bonanova
58%
Sant Martí de Provençals
58%
Vallvidrera, el Tibidabo i les Planes
58%
el Clot
54%
Horta
54%
Sant Gervasi-Galvany
54%
el Coll
50%
Pedralbes
50%
la Sagrada Família
46%
la Trinitat Vella
46%
el Besòs i el Maresme
42%
el Guinardó
42%
el Putxet i el Farró
42%
la Sagrera
42%
la Vall d'Hebron
42%
la Verneda i la Pau
42%
la Vila Olímpica del Poblenou
42%
les Roquetes
42%
Sant Pere, Santa Caterina i la Ribera
42%
el Fort Pienc
38%
Hostafrancs
38%
la Nova Esquerra de l'Eixample
38%
les Tres Torres
38%
Navas
38%
Sants-Badal
38%
Baró de Viver
33%
Canyelles
33%
Ciutat Meridiana
33%
el Bon Pastor
33%
el Carmel
33%
la Bordeta
33%
l'Antiga Esquerra de l'Eixample
33%
la Prosperitat
33%
la Salut
33%
la Trinitat Nova
33%
Montbau
33%
Vallcarca i els Penitents
33%
Diagonal Mar i el Front Marítim del Poblenou
29%
el Camp de l'Arpa del Clot
29%
la Guineueta
29%
Torre Baró
29%
Can Baró
25%
el Camp d'en Grassot i Gràcia Nova
25%
el Congrés i els Indians
25%
el Parc i la Llacuna del Poblenou
25%
la Font d'en Fargues
25%
Porta
25%
Sant Genís dels Agudells
25%
Vilapicina i la Torre Llobeta
25%
la Clota
21%
la Font de la Guatlla
21%
la Teixonera
21%
Vallbona
21%
Verdun
21%
Can Peguera
17%
el Turó de la Peira
17%
la Marina del Port
17%
la Marina del Prat Vermell
17%
la Maternitat i Sant Ramon
17%
Provençals del Poblenou
17%
el Baix Guinardó
13%

Score Distribution

Percentile by Number Answered

Percent of People with Each Score

Your Score History

You have not taken this quiz